| 000 | 01179nam a22002777a 4500 | ||
|---|---|---|---|
| 999 |
_c65430 _d65430 |
||
| 005 | 20240530110824.0 | ||
| 008 | 190731s2108 ua g b 000 0 ara d | ||
| 017 |
_a2017/26583 _bمصر. دار الكتب |
||
| 020 | _a9789773223977 | ||
| 040 |
_aEG-CaGPL _cEG-CaGPL |
||
| 082 | 0 | 4 |
_221 _a214.27/ _bهـ ت |
| 100 | 1 | _aهويتكروفت، اندرو | |
| 245 | 1 | 0 |
_aتاريخ الصراع بين عالم المسيحية وعالم الاسلام / _c اندرو هويتكروفت ؛ ترجمة قاسم عبده قاسم |
| 250 | _aط.1 | ||
| 260 |
_aالقاهرة : _bعين للدراسات و البحوث الانسانية و الاجتماعية، _c2018. |
||
| 300 |
_a535 ص.؛ _c23 سم. |
||
| 504 | _aيشتمل على ارجاعات ببليوجرافية | ||
| 650 | 0 | 7 |
_aالاسلام والمسيحية _2qrmak |
| 650 | 0 | 7 |
_2qrmak _aالاسلام _xنظام الحكم فى |
| 650 | 0 | 7 |
_2qrmak _aالمسيحية والحرية الدينية |
| 651 | _2qrmak | ||
| 653 | 0 | _aالاسلام والمسيحية - صراع | |
| 700 | 0 |
_a قاسم عبده قاسم _eمترجم |
|
| 942 |
_2ddc _cBK |
||